Т. 1; Тяжелые металлы и радионуклиды в окружающей среде
| Parent link: | Тяжелые металлы и радионуклиды в окружающей среде: IV Международная научно-практическая конференция/ Семипалатинский государственный педагогический институт; Московский государственный университет им. М. В. Ломоносова; под ред. Е. Б. Садыкова; М. С. Панина. Т. 1.— , 2006.— 9965-454-58-2 |
|---|---|
| Samenvatting: | В сборник, состоящий из двух томов, включено более 200 докладов пленарного и секционных заседаний конференции, отражающих биогеохимические проблемы тяжелых металлов и радионуклидов, моделирование процессов их миграции и аккумуляции в естественных и техногенных ландшафтах; физиолого-биохимические аспекты метаболизма и участия тяжелых металлов и радионуклидов в эколого-трофических системах; источники поступления тяжелых металлов и радионуклидов в природные компоненты, экологическое нормирование их нагрузок и организация мониторинга среды обитания; новые методы определения тяжелых металлов и радионуклидов в природных объектах; реабилитация почвенного покрова и природных вод, загрязненных тяжелыми металлами и радионуклидами; биоиндикационные методы оценки состояния естественных и техногенных ландшафтов; проблемы тяжелых металлов и радионуклидов в контексте вузовского образования. Материалы рассчитаны на специалистов, работающих в области охраны окружающей среды, биогеохимиков, экологов, гидрохимиков, биологов, почвоведов, научных работников, преподавателей и студентов учебных заведений. |
| Taal: | Russisch |
| Gepubliceerd in: |
2006
|
| Onderwerpen: | |
| Formaat: | Boek |
| KOHA link: | https://koha.lib.tpu.ru/cgi-bin/koha/opac-detail.pl?biblionumber=108472 |
MARC
| LEADER | 00000nam2a2200000 4500 | ||
|---|---|---|---|
| 001 | 108472 | ||
| 005 | 20231031115642.0 | ||
| 035 | |a (RuTPU)RU\TPU\book\117103 | ||
| 090 | |a 108472 | ||
| 100 | |a 20070122d2006 k y0rusy50 ca | ||
| 101 | 0 | |a rus | |
| 102 | |a KZ | ||
| 105 | |a a z 101zy | ||
| 200 | 0 | |a Т. 1 | |
| 210 | |d 2006 | ||
| 215 | |a 510 с. |c ил. | ||
| 320 | |a Библиогр. в конце ст. | ||
| 330 | |a В сборник, состоящий из двух томов, включено более 200 докладов пленарного и секционных заседаний конференции, отражающих биогеохимические проблемы тяжелых металлов и радионуклидов, моделирование процессов их миграции и аккумуляции в естественных и техногенных ландшафтах; физиолого-биохимические аспекты метаболизма и участия тяжелых металлов и радионуклидов в эколого-трофических системах; источники поступления тяжелых металлов и радионуклидов в природные компоненты, экологическое нормирование их нагрузок и организация мониторинга среды обитания; новые методы определения тяжелых металлов и радионуклидов в природных объектах; реабилитация почвенного покрова и природных вод, загрязненных тяжелыми металлами и радионуклидами; биоиндикационные методы оценки состояния естественных и техногенных ландшафтов; проблемы тяжелых металлов и радионуклидов в контексте вузовского образования. Материалы рассчитаны на специалистов, работающих в области охраны окружающей среды, биогеохимиков, экологов, гидрохимиков, биологов, почвоведов, научных работников, преподавателей и студентов учебных заведений. | ||
| 461 | 1 | |0 (RuTPU)RU\TPU\book\118420 |y 9965-454-58-2 |t Тяжелые металлы и радионуклиды в окружающей среде |o IV Международная научно-практическая конференция |o в 2 т. |f Семипалатинский государственный педагогический институт; Московский государственный университет им. М. В. Ломоносова; под ред. Е. Б. Садыкова; М. С. Панина |v Т. 1 |d 2006 | |
| 610 | 1 | |a окружающая среда | |
| 610 | 1 | |a тяжелые металлы | |
| 610 | 1 | |a радионуклиды | |
| 610 | 1 | |a биогеохимия | |
| 610 | 1 | |a экология | |
| 610 | 1 | |a миграция | |
| 610 | 1 | |a аккумуляция | |
| 610 | 1 | |a конференции | |
| 610 | 1 | |a материалы конференций | |
| 801 | 1 | |a RU |b 63413507 |c 20070122 |g PSBO | |
| 801 | 2 | |a RU |b 63413507 |c 20100402 |g PSBO | |
| 942 | |c BK | ||